000 00741nam a22002051 4500
001 105253
003 ES-MaACL
005 20230906183826.0
007 t|
008 060620s1944 sp ||||0| spa d
016 7 _zIND9200524153
040 _aM-BN
_bspa
_cA2
100 1 _aLópez Oliván, Julio.
_973840
245 1 0 _aRepertorio diplomático español
_b: índice de los tratados ajustados por España (1125-1935) y de otros documentos internacionales /
_cJ. López Oliván.
260 _aMadrid :
_bInstituto Francisco de Vitoria,
_c1944.
300 _a671 p ;
_c25 cm.
650 1 4 _aTratados internacionales-
_zEspaña-
_vHistoria.
_917643
710 2 _aInstituto Francisco de Vitoria.
_93245
852 _aES-MaACL
_jE-3309
_bR.21526
999 _c105253
_d105253